The nervous system / (Record no. 3166)

000 -LEADER
fixed length control field 01730cam a2200385 a 4500
001 - CONTROL NUMBER
control field 012825178
003 - CONTROL NUMBER IDENTIFIER
control field UkOxU
005 - DATE AND TIME OF LATEST TRANSACTION
control field 20210826095806.0
008 - FIXED-LENGTH DATA ELEMENTS--GENERAL INFORMATION
fixed length control field 780119m19771987mdua 000 0 eng d
020 ## - INTERNATIONAL STANDARD BOOK NUMBER
International Standard Book Number 0683045059 (v. 1)
020 ## - INTERNATIONAL STANDARD BOOK NUMBER
International Standard Book Number 0683011057 (v. 2)
020 ## - INTERNATIONAL STANDARD BOOK NUMBER
International Standard Book Number 0683011081 (v. 3)
020 ## - INTERNATIONAL STANDARD BOOK NUMBER
International Standard Book Number 0683069004 (v. 5)
035 ## - SYSTEM CONTROL NUMBER
System control number OCLC ocm14383738 from D970820M
040 ## - CATALOGING SOURCE
Original cataloging agency NLM
Transcribing agency NLM
Modifying agency EQO
060 00 - NATIONAL LIBRARY OF MEDICINE CALL NUMBER
Classification number QP 104
Item number H23 1977 sect.1
092 ## - LOCALLY ASSIGNED DEWEY CALL NUMBER (OCLC)
Classification number 12825178
245 04 - TITLE STATEMENT
Title The nervous system /
Statement of responsibility, etc. section editors: John M. Brookhart, Vernon B. Mountcastle ; excutive editor, Stephen R. Geiger.
260 ## - PUBLICATION, DISTRIBUTION, ETC.
Place of publication, distribution, etc. Bethesda, Md. :
Name of publisher, distributor, etc. American Physiological Society,
Date of publication, distribution, etc. 1977-87.
300 ## - PHYSICAL DESCRIPTION
Extent 5 v. in 9 :
Other physical details ill. ;
Dimensions 30 cm.
490 1# - SERIES STATEMENT
Series statement Handbook of physiology (Bethesda, Md.) ;
Volume/sequential designation section 1
500 ## - GENERAL NOTE
General note "Formerly section 1: Neurophysiology."
505 0# - FORMATTED CONTENTS NOTE
Formatted contents note v. 1. (2 pts.) Cellular biology of neurons / volume editor, Eric R. Kandel -- v. 2. (2 pts.) Motor control / volume editor, Vernon B. Brooks -- v. 3. (2 pts.) Mechanics of breathing / volume editor, Ian Darian-Smith -- v. 4. Intrinsic regulatory systems of the brain -- v. 5. (2 pts.) Higher functions of the brain / volume editor, Fred Plum.
650 #0 - SUBJECT ADDED ENTRY--TOPICAL TERM
Topical term or geographic name entry element Neurophysiology.
650 #2 - SUBJECT ADDED ENTRY--TOPICAL TERM
Topical term or geographic name entry element Nervous System
General subdivision physiology.
700 1# - ADDED ENTRY--PERSONAL NAME
Personal name Mountcastle, Vernon B.
700 1# - ADDED ENTRY--PERSONAL NAME
Personal name Brookhart, John M.
Fuller form of name (John Mills),
Dates associated with a name 1913-1995
700 1# - ADDED ENTRY--PERSONAL NAME
Personal name Geiger, Stephen R.
710 2# - ADDED ENTRY--CORPORATE NAME
Corporate name or jurisdiction name as entry element American Physiological Society (1887- )
730 0# - ADDED ENTRY--UNIFORM TITLE
Uniform title Neurophysiology.
830 #0 - SERIES ADDED ENTRY--UNIFORM TITLE
Uniform title Handbook of physiology (Bethesda, Md.) ;
Volume/sequential designation section 1.
830 #0 - SERIES ADDED ENTRY--UNIFORM TITLE
Uniform title Handbook of physiology (Bethesda, Md.) ;
Volume/sequential designation section 1.
942 ## - ADDED ENTRY ELEMENTS (KOHA)
Source of classification or shelving scheme
Koha item type Book
Suppress in OPAC DO
Holdings
Withdrawn status Lost status Source of classification or shelving scheme Damaged status Not for loan Permanent Location Current Location Shelving location Date acquired Source of acquisition Total Checkouts Full call number Barcode Date last seen Copy number Price effective from Koha item type Public note
          AU LIBRARY AU LIBRARY Open Shelf 26.08.2021 DONATION FROM MOI UNIVERSITY   QP6 .H25 1977 C1 28004315 26.08.2021 1 26.08.2021 Book DO
          AU LIBRARY AU LIBRARY Open Shelf 30.08.2021 DONATION FROM MOI UNIVERSITY   QP6 .H25 1977 C2 28004328 30.08.2021 2 30.08.2021 Book PW
          AU LIBRARY AU LIBRARY Open Shelf 04.04.2022 DONATION FROM MOI UNIVERSITY   QP6 .H25 1977 C3 28011893 04.04.2022 3 04.04.2022 Book CM

Powered by Koha